| Tag |
First Indicator |
Second Indicator |
Subfields |
| LEADER |
00000cam a2200000Ia 4500 |
| 001 |
in00001531237 |
| 005 |
20160226115950.0 |
| 008 |
000328s1998 ag a j 000 1 spa d |
| 020 |
|
|
|a 9501112489
|
| 035 |
|
|
|a (OCoLC)40098864
|
| 040 |
|
|
|a CS1
|c CS1
|d TXA
|d UtOrBLW
|
| 041 |
1 |
|
|a spa
|h eng
|
| 049 |
|
|
|a TXAM
|
| 090 |
|
|
|a PZ73
|b .S2644 1998
|
| 092 |
|
|
|a E
|b Santis
|
| 100 |
1 |
|
|a Santis, Isabel.
|
| 245 |
1 |
0 |
|a Dasma, el fantasma /
|c [textos, Isabel Santis ; ilustraciones, Kate Davies].
|
| 264 |
|
1 |
|a [Buenos Aires, Argentina] :
|b Sigmar,
|c [1998]
|
| 264 |
|
4 |
|c ©1998
|
| 300 |
|
|
|a 12 unnumbered pages :
|b color illustrations ;
|c 11 cm.
|
| 336 |
|
|
|a text
|b txt
|2 rdacontent
|
| 337 |
|
|
|a unmediated
|b n
|2 rdamedia
|
| 338 |
|
|
|a volume
|b nc
|2 rdacarrier
|
| 490 |
1 |
|
|a Colección Sustos
|
| 500 |
|
|
|a Translated from the English.
|
| 500 |
|
|
|a Cover title.
|
| 500 |
|
|
|a On board pages.
|
| 650 |
|
0 |
|a Ghost stories
|x Fiction.
|
| 650 |
|
0 |
|a Toy and movable books
|v Specimens.
|
| 700 |
1 |
|
|a Davies, Kate,
|d 1962-
|
| 830 |
|
0 |
|a Colección Sustos.
|
| 994 |
|
|
|a E0
|b TXA
|
| 948 |
|
|
|a cataloged
|b h
|c 2000/5/22
|d c
|e pkellar
|f 2:42:52 pm
|
| 999 |
|
|
|a MARS
|
| 999 |
f |
f |
|s a5b282c5-7936-300c-8c9f-e964161cebe5
|i 2bf3cd25-8792-3998-8875-ea33dc02a3a3
|t 0
|
| 952 |
f |
f |
|p normal
|a Texas A&M University
|b College Station
|c Sterling C. Evans Library
|d Evans: Curriculum Collection (4th floor)
|t 0
|e PZ73 .S2644 1998
|h Library of Congress classification
|i unmediated -- volume
|m A14826038434
|
| 998 |
f |
f |
|a PZ73 .S2644 1998
|t 0
|l Evans: Curriculum Collection (4th floor)
|